|
|
แสดงรายละเอียดบรรณานุกรม |
|
|
Brief Record
: Get Marc (ISO 2709)
: E-mail record
: |
| LEADER 00000nama 2200000uu 4500 | |||
| 008 040531s2529 th m m a000 0 tha d | |||
| 020 974-874-001-3 | |||
| 041 tha | |||
| 050 WG103 ค144ส 2529 | |||
| 100 คนึงนิจ พงศ์ถาวรกมล | |||
| 245 สัมพันธศาสตร์พื้นฐานของการไหลเวียน / คนึงนิจ พงศ์ถาวรกมล 001 | |||
| 246 การไหลเวียน | |||
| 260 กรุงเทพฯ แม็ค 2529 | |||
| 300 143 หน้า | |||
| 500 มีบรรณานุกรมและดรรชนีท้ายเล่ม | |||
| 650 เลือด,การไหลเวียน | |||
| 998 1998-06-17 | |||
| คุณยังไม่ได้ล็อกอิน คุณสามารถมีกิจกรรมร่วมกับเว็บไซต์ได้ แต่ต้องล็อกอินก่อน :: |
|
| สถานะ | |||||||||
| 1. | หนังสือทั่วไป | WG103 ค144ส 2529 | On Shelf ขอยืม | ||||||
| 2. | หนังสือทั่วไป | WG103 ค144ส 2529 | On Shelf ขอยืม | ||||||
| [แสดง 2/2 รายการ] | |||||||||
| รายการใกล้เคียง หัวเรื่อง [เลือด,การไหลเวียน] |
BibComment |
| คอมเมนท์ทรัพยากรรายการนี้ |
|
|